Základom trhu práce sú malé podniky

Malé podniky na Slovensku tvoria väčšinu pracovných miest – zamestnávajú tu viac než polovicu ľudí.

Guardado en:
Detalles Bibliográficos
Formato: Capítulo de libro
Lenguaje:eslovaco
Materias:
Etiquetas: Agregar Etiqueta
Sin Etiquetas, Sea el primero en etiquetar este registro!

MARC

LEADER 00000naa$a2200000$$$4500
001 0247965
005 20181001090814.5
041 0 |a slo 
044 |a SK 
245 1 0 |a Základom trhu práce sú malé podniky 
520 |a Malé podniky na Slovensku tvoria väčšinu pracovných miest – zamestnávajú tu viac než polovicu ľudí. 
610 2 0 |a podnik malý 
610 2 0 |a Slovensko 
610 2 0 |a Európska únia 
610 2 0 |a trh práce 
610 2 0 |a porovnanie medzinárodné